00346nam a2200121Ia 4500003000400000008004100004040001600045082001500061245006800076260006400144300001100208490000500219GCL140319s9999 xx 000 0 ara d aGCL / cGCL04a225bج غ10aغايات البيان فى معرفة مادات القران a[S.N] : bدار ابو المجد للطباعة ، c1990 a268 ص a